ABHIYANTRIKI AARAKHAN (Record no. 52355)
[ view plain ]
| 000 -LEADER | |
|---|---|
| fixed length control field | nam a22 7a 4500 |
| 003 - CONTROL NUMBER IDENTIFIER | |
| control field | OSt |
| 005 - DATE AND TIME OF LATEST TRANSACTION | |
| control field | 20220621152748.0 |
| 008 - FIXED-LENGTH DATA ELEMENTS--GENERAL INFORMATION | |
| fixed length control field | 220621b xxu||||| |||| 00| 0 eng d |
| 040 ## - CATALOGING SOURCE | |
| Transcribing agency | IIMT UNIVERSITY MEERUT |
| 100 ## - MAIN ENTRY--PERSONAL NAME | |
| Personal name | UPADHYAY, SHIVDUTT |
| 245 ## - TITLE STATEMENT | |
| Title | ABHIYANTRIKI AARAKHAN |
| 260 ## - PUBLICATION, DISTRIBUTION, ETC. | |
| Name of publisher, distributor, etc. | BHARAT BHARTI |
| 300 ## - PHYSICAL DESCRIPTION | |
| Extent | 354 |
| 942 ## - ADDED ENTRY ELEMENTS (KOHA) | |
| Source of classification or shelving scheme | |
| Koha item type | Specimen |
| Withdrawn status | Lost status | Source of classification or shelving scheme | Damaged status | Not for loan | Home library | Current library | Date acquired | Cost, normal purchase price | Barcode | Date last seen | Price effective from | Koha item type |
|---|---|---|---|---|---|---|---|---|---|---|---|---|
| IIMT University Central Library Meerut | IIMT University Central Library Meerut | 01/08/2025 | 275.00 | 28-S-127 | 06/21/2022 | 06/21/2022 | Specimen |

